Wszystkie miasta na Litwie na mapie - Statystyki

Ogólne statystyki
  • Ten quiz został rozwiązany 85 razy
  • Średni wynik to 11 z 103
Odpowiedzi na mapie
Odpowiedzi zakodowano w zielono-czerwonej skali na mapie do tego quizu, zgodnie z poniższymi procentami.
 
Statystyki odpowiedzi
Populacja Miasto % Poprawnych
607 842 Wilno
99%
302 874 Kowno
90%
160 082 Kłajpeda
81%
84 392 Poniewież
51%
111 018 Szawle
48%
35 681 Mariampol
47%
5 659 Troki
42%
49 952 Olita
41%
32 838 Możejki
30%
12 787 Druskieniki
29%
21 463 Taurogi
27%
19 198 Połąga
26%
21 543 Wiłkomierz
26%
23 321 Kiejdany
25%
25 415 Uciana
25%
21 454 Telsze
21%
26 341 Janów
18%
3 822 Kalwaria
18%
9 867 Birże
16%
7 357 Soleczniki
15%
3 698 Łoździeje
14%
4 159 Święciany
12%
12 136 Elektreny
11%
16 952 Kretynga
11%
2 217 Okmiany
11%
7 554 Orany
11%
15 828 Szyłokarczma
11%
2 955 Ejszyszki
10%
8 008 Nowe Okmiany
10%
9 955 Wyłkowyszki
10%
11 236 Jurbork
8%
3 869 Kibarty
8%
5 413 Kozłowa Ruda
8%
11 103 Rakiszki
8%
9 348 Rosienie
8%
5 184 Szaki
8%
18 815 Wisaginia
8%
2 969 Birsztany
7%
5 579 Jeziorosy
7%
8 347 Koszedary
7%
5 464 Malaty
7%
4 566 Nerynga
7%
4 581 Ignalino
5%
8 249 Janiszki
5%
7 109 Kielmy
5%
4 379 Niemenczyn
5%
4 300 Nowe Święciany
5%
8 226 Onikszty
5%
16 722 Płungiany
5%
210 Poniemuń
5%
6 205 Poswol
5%
8 692 Preny
5%
4 487 Szyłele
5%
9 768 Godlewo
4%
15 553 Gorżdy
4%
5 859 Kupiszki
4%
10 365 Kurszany
4%
9 373 Landwarów
4%
4 349 Pokroje
4%
15 250 Radziwiliszki
4%
5 472 Szyrwinty
4%
999 Wiejsieje
4%
1 275 Władysławów
4%
734 Abele
3%
9 713 Grzegorzewo
3%
4 113 Jewie
3%
4 507 Podbrodzie
3%
3 109 Retów
3%
1 117 Simno
3%
917 Smolniki
3%
2 300 Szadów
3%
1 646 Wilki
3%
2 896 Żyżmory
3%
1 563 Ażarele
1%
987 Biała Waka
1%
1 708 Cytowiany
1%
630 Dukszty
1%
2 507 Ejragoła
1%
1 474 Giełgudyszki
1%
927 Johaniszkiele
1%
1 179 Linków
1%
1 511 Pojegi
1%
1 144 Prekule
1%
1 851 Rudziszki
1%
1 321 Skaudwile
1%
840 Subocz
1%
5 076 Szkudy
1%
359 Traszkuny
1%
844 Wierzbołów
1%
826 Wornie
1%
1 184 Żagory
1%
870 Daugi
0%
441 Dusiaty
0%
987 Jezno
0%
465 Kowarsk
0%
641 Ponedele
0%
1 133 Remigoła
0%
1 147 Sałanty
0%
796 Siady
0%
567 Użwenty
0%
2 151 Wenta
0%
2 066 Wieksznie
0%
775 Wobolniki
0%
Nie znaleziono quizów pasujących do podanych kryteriów
Rozkład punktacji
Procent ludzi z każdym wynikiem
Percentyl według liczby udzielonych odpowiedzi
Twoja historia wyników
Nie rozwiązałeś tego quizu